000 01262nam a2200301 i 4500
003 EG-ScBUE
005 20231217115519.0
008 110728s2005 ua f 000 0 ara d
017 _a2005 / 4104
020 _a9770195057
040 _aEG-ScBUE
_bara
_erda
_cEG-ScBUE
_dEG-ScBUE
043 _an-us---
_ama-----
082 0 4 _222
_a327.73056
_bث ا ب
100 1 _926488
_aثابت، أحمد،
_d1957-
_eمؤلف.
245 1 0 _aالعرب والنزعة :
_bالإمبراطورية الأمريكية /
_cد. أحمد ثابت، خليل العناني.
264 1 _aالقاهرة :
_bالهيئة المصرية العامة للكتاب،
_c2005.
300 _a311 صفحة ؛
_c24 سم
336 _2rdacontent
_aنص
_btxt
337 _aبدون وسيط
_2rdamedia
_bn
338 _aمجلد
_bnc
_2rdacarrier
500 _aيشتمل على ملاحق.
651 7 _2BUEsh
_aالولايات المتحدة الامريكية
_xعلاقات خارجية
_z‪الدول العربية.
651 7 _2BUEsh
_a‪الدول العربية
_x‪علاقات خارجية
_z‪الولايات المتحدة الأمريكية.
653 _cJuly2011
655 _vReading book
700 1 _926489
_aعناني، خليل،
_eمؤلف.
942 _2ddc
_cBB
999 _c15760
_d15760